Campo Santo (Record no. 62458)
[ view plain ]
| 000 -LÍDER | |
|---|---|
| campo de controle de tamanho fixo | 00342 a2200157 4500 |
| 001 - NÚMERO DE CONTROLE | |
| campo de controle | 62458 |
| 020 ## - ISBN - INTERNATIONAL STANDARD BOOK NUMBER | |
| ISBN - International Standard Book Number | 8572442162 |
| 040 ## - FONTE DA CATALOGAÇÃO | |
| Instituição que transcreveu o registro | Anchieta - Pituba |
| 100 ## - ENTRADA PRINCIPAL--NOME PESSOAL | |
| Nome pessoal | Costa, Paulo Segundo da |
| 240 10 - TÍTULO UNIFORME | |
| Título uniforme | Campo Santo |
| Idioma da obra | por |
| 245 10 - TÍTULO | |
| Título | Campo Santo |
| 300 ## - DESCRIÇÃO FÍSICA | |
| Extensão | 173 |
| 362 0# - DATAS DE PUBLICAÇÃO E/OU DESIGNAÇÃO SEQUENCIAL | |
| Datas de publicação e/ou designação sequencial | 2003 |
| 650 #4 - ASSUNTO--TERMO TÓPICO | |
| Cabeçalho tópico ou nome geográfico | Cerimônias / Ritos / Liturgia |
| 942 ## - ELEMENTOS DE ENTRADA ADICIONADOS (KOHA) | |
| Tipo de material Koha | Livros |
| Situação do descarte | Situação das perdas | Situação física | Não pode ser emprestado | Biblioteca de origem | Biblioteca atual | Data de aquisição | Total de empréstimos | Número de chamada completo | Código de barras | Data de último acesso | Data do preço efetivo | Tipo de material Koha |
|---|---|---|---|---|---|---|---|---|---|---|---|---|
| Colégio Anchieta - Pituba | Colégio Anchieta - Pituba | 21/11/2023 | 264 C837c COS CAM | 15381/PIT | 21/11/2023 | 21/11/2023 | Livros |